Effect of Picloram on induction of friable embryogenic callus in rubber and characterization of embryogenic potential by cytochemical analysis (Record no. 75441)

MARC details
000 -LEADER
fixed length control field 00533nam a22001697a 4500
100 ## - MAIN ENTRY--AUTHOR NAME
Personal name Jayasree, P.K.
245 ## - TITLE STATEMENT
Title Effect of Picloram on induction of friable embryogenic callus in rubber and characterization of embryogenic potential by cytochemical analysis
260 ## - PUBLICATION, DISTRIBUTION, ETC. (IMPRINT)
Name of publisher Rubber Science, 37(2): 250-260.
Year of publication 2024
300 ## - PHYSICAL DESCRIPTION
Other physical details December
650 ## - SUBJECT ADDED ENTRY--TOPICAL TERM
Topical Term Embryogenic callus
650 ## - SUBJECT ADDED ENTRY--TOPICAL TERM
Topical Term Non-embryogenic callus
650 ## - SUBJECT ADDED ENTRY--TOPICAL TERM
Topical Term Picloram
650 ## - SUBJECT ADDED ENTRY--TOPICAL TERM
Topical Term Somatic embryogenesis
700 ## - ADDED ENTRY--PERSONAL NAME
Personal name Raheena, K.T.
700 ## - ADDED ENTRY--PERSONAL NAME
Personal name Raj, R
942 ## - ADDED ENTRY ELEMENTS (KOHA)
Koha item type Journals
Holdings
Withdrawn status Lost status Damaged status Not for loan Home library Current library Date acquired Koha item type
        RRII Library RRII Library 19/03/2025 Journals